Raccontami Dei Fiori Di Gelso

में बचाया:
ग्रंथसूची विवरण
मुख्य लेखक: Aline Ohanesian
स्वरूप: पुस्तक
भाषा:अज्ञात या अवैध भाषा
प्रकाशित: Garzanti
टैग: टैग जोड़ें
कोई टैग नहीं, इस रिकॉर्ड को टैग करने वाले पहले व्यक्ति बनें!

MARC

LEADER 00000nam a2200000Ia 4500
001 R-1234
003 CODICE-MESSINA
005 20260212102504.0
008 260211s9999 xx 000 0 und d
040 |c importazione_messina 
100 |a Aline Ohanesian 
245 0 |a Raccontami Dei Fiori Di Gelso 
260 |b Garzanti 
942 |2 ddc  |c BK 
952 |0 0  |1 0  |2 ddc  |4 0  |6 SCAFFALE_12_000000000000000__ROMANZI  |7 0  |9 32067  |a ME  |b ME  |d 2026-02-11  |l 0  |o SCAFFALE 12 - ROMANZI  |p R-1234  |r 2026-02-11 23:52:56  |w 2026-02-11  |x [REVISIONARE]  |y BK 
999 |c 27734  |d 27734